Sports Quiz

Random Sports or Basketball Quiz

NBA Finals Losers' Rosters 1960-1969 Quiz Stats

 Plays Quiz not verified by Sporcle

Challenge
Share
Tweet
Embed
Score 0/108 Timer 13:00
0 Plays Today
Team Player % Correct
1964 San Francisco WarriorsWilt Chamberlain
97.2%
1969 Los Angeles LakersWilt Chamberlain
97.2%
1962 Los Angeles LakersElgin Baylor
95.7%
1962 Los Angeles LakersJerry West
95.7%
1963 Los Angeles LakersElgin Baylor
95.7%
1963 Los Angeles LakersJerry West
95.7%
1965 Los Angeles LakersElgin Baylor
95.7%
1965 Los Angeles LakersJerry West
95.7%
1966 Los Angeles LakersElgin Baylor
95.7%
1966 Los Angeles LakersJerry West
95.7%
1968 Los Angeles LakersElgin Baylor
95.7%
1968 Los Angeles LakersJerry West
95.7%
1969 Los Angeles LakersElgin Baylor
95.7%
1969 Los Angeles LakersJerry West
95.7%
1960 St. Louis HawksBob Pettit
90.1%
1961 St. Louis HawksBob Pettit
90.1%
1966 Los Angeles LakersGail Goodrich
75.9%
1967 San Francisco WarriorsRick Barry
75.9%
1968 Los Angeles LakersGail Goodrich
75.9%
1964 San Francisco WarriorsNate Thurmond
68.8%
1967 San Francisco WarriorsNate Thurmond
68.8%
1960 St. Louis HawksCliff Hagan
53.9%
1961 St. Louis HawksCliff Hagan
53.9%
1961 St. Louis HawksLenny Wilkens
39.7%
1962 Los Angeles LakersRudy LaRusso
38.3%
1963 Los Angeles LakersRudy LaRusso
38.3%
1965 Los Angeles LakersRudy LaRusso
38.3%
1966 Los Angeles LakersRudy LaRusso
38.3%
1960 St. Louis HawksClyde Lovellette
37.6%
1961 St. Louis HawksClyde Lovellette
37.6%
1960 St. Louis HawksSlater Martin
32.6%
1964 San Francisco WarriorsGuy Rodgers
31.2%
1968 Los Angeles LakersMel Counts
30.5%
1969 Los Angeles LakersMel Counts
30.5%
1969 Los Angeles LakersKeith Erickson
29.1%
1964 San Francisco WarriorsAl Attles
27.7%
Team Player % Correct
1967 San Francisco WarriorsAl Attles
27.7%
1967 San Francisco WarriorsJeff Mullins
27.7%
1960 St. Louis HawksSi Green
25.5%
1961 St. Louis HawksSi Green
25.5%
1962 Los Angeles LakersHot Rod Hundley
23.4%
1963 Los Angeles LakersHot Rod Hundley
23.4%
1963 Los Angeles LakersLeroy Ellis
22.7%
1965 Los Angeles LakersLeroy Ellis
22.7%
1966 Los Angeles LakersLeroy Ellis
22.7%
1967 San Francisco WarriorsJoe Ellis
22.7%
1964 San Francisco WarriorsGeorge Lee
19.9%
1967 San Francisco WarriorsClyde Lee
19.9%
1963 Los Angeles LakersDick Barnett
17.7%
1964 San Francisco WarriorsTom Meschery
17.7%
1965 Los Angeles LakersDick Barnett
17.7%
1965 Los Angeles LakersDon Nelson
17.7%
1967 San Francisco WarriorsTom Meschery
17.7%
1968 Los Angeles LakersArchie Clark
17.7%
1962 Los Angeles LakersTom Hawkins
17%
1965 Los Angeles LakersDarrall Imhoff
17%
1966 Los Angeles LakersDarrall Imhoff
17%
1968 Los Angeles LakersTom Hawkins
17%
1968 Los Angeles LakersDarrall Imhoff
17%
1969 Los Angeles LakersTom Hawkins
17%
1969 Los Angeles LakersCliff Anderson
16.3%
1962 Los Angeles LakersFrank Selvy
14.9%
1963 Los Angeles LakersFrank Selvy
14.9%
1960 St. Louis HawksLarry Foust
14.2%
1961 St. Louis HawksLarry Foust
14.2%
1965 Los Angeles LakersJim King
13.5%
1966 Los Angeles LakersJim King
13.5%
1967 San Francisco WarriorsJim King
13.5%
1966 Los Angeles LakersBob Boozer
12.8%
1964 San Francisco WarriorsGary Hill
9.9%
1960 St. Louis HawksJack McMahon
7.8%
1969 Los Angeles LakersJohnny Egan
7.8%
Team Player % Correct
1962 Los Angeles LakersRay Felix
6.4%
1960 St. Louis HawksJohnny McCarthy
5.7%
1961 St. Louis HawksJohnny McCarthy
5.7%
1962 Los Angeles LakersJim Krebs
5.7%
1963 Los Angeles LakersJim Krebs
5.7%
1967 San Francisco WarriorsFred Hetzel
4.3%
1960 St. Louis HawksAl Ferrari
3.5%
1961 St. Louis HawksAl Ferrari
3.5%
1961 St. Louis HawksWoody Sauldsberry
3.5%
1963 Los Angeles LakersRon Horn
3.5%
1964 San Francisco WarriorsGary Phillips
3.5%
1965 Los Angeles LakersMahdi Abdul-Rahman
3.5%
1966 Los Angeles LakersMahdi Abdul-Rahman
3.5%
1968 Los Angeles LakersDennis Hamilton
2.8%
1960 St. Louis HawksBob Ferry
2.1%
1962 Los Angeles LakersBob McNeill
2.1%
1963 Los Angeles LakersGene Wiley
2.1%
1964 San Francisco WarriorsKenny Sears
2.1%
1965 Los Angeles LakersGene Wiley
2.1%
1966 Los Angeles LakersGene Wiley
2.1%
1969 Los Angeles LakersBill Hewitt
2.1%
1960 St. Louis HawksDave Piontek
1.4%
1961 St. Louis HawksFred LaCour
1.4%
1961 St. Louis HawksDave Piontek
1.4%
1962 Los Angeles LakersHowie Jolliff
1.4%
1962 Los Angeles LakersWayne Yates
1.4%
1965 Los Angeles LakersBill McGill
1.4%
1966 Los Angeles LakersTom Hoover
1.4%
1967 San Francisco WarriorsPaul Neumann
1.4%
1967 San Francisco WarriorsBud Olsen
1.4%
1968 Los Angeles LakersFreddie Crawford
1.4%
1969 Los Angeles LakersFreddie Crawford
1.4%
1964 San Francisco WarriorsWayne Hightower
0.7%
1967 San Francisco WarriorsBob Warlick
0.7%
1968 Los Angeles LakersErwin Mueller
0.7%
1969 Los Angeles LakersJay Carty
0.7%

You're not logged in!

Compare scores with friends on all Sporcle quizzes.
OR
Log In

You Might Also Like...

Show Comments

Extras

Top Quizzes Today


Score Distribution

Your Account Isn't Verified!

In order to create a playlist on Sporcle, you need to verify the email address you used during registration. Go to your Sporcle Settings to finish the process.

Report this User

Report this user for behavior that violates our Community Guidelines.

Details: